00687nam a2200193 4500001000700000003000900007005001700016007000300033008004100036100002700077245010200104260006900206300002200275740001300297740002300310852002100333999001900354952012000373143973ES-MaACL20230906200922.0t|070214s1936 xxk r ||||1| eng d1 aShaw, Bernard.910602514aThe simpleton b: ; The six ; and The millionairess : being three more plays / cby Bernard Shaw. aLondon : bConstable & Co., c1936 (eEdinburgh : fR. R. Clark) a198 p. ; c21 cm.0 aThe six.0 aThe millionairess. aES-MaACLjA-4347 c143973d143973 00104070aATENEOMbATENEOMcSPP1d2008-01-17eSCl0oA-4347p1149793r2023-02-23 00:00:00w2023-02-23yMONOGRAFIA